Movies Quiz

Random Movies or Actress Quiz

Best Actress Nominations (90s) Quiz Stats

 Plays Quiz Updated Jan 27, 2019

     
Support Sporcle.
Go Orange.
Score 0/50 Timer 08:00
1 Play Today
Movie Name % Correct
Pretty WomanJulia Roberts
95.3%
The Silence of the Lambs*Jodie Foster
89.9%
NellJodie Foster
89.9%
TitanicKate Winslet
89.5%
Thelma & LouiseSusan Sarandon
85.1%
Lorenzo's OilSusan Sarandon
85.1%
The ClientSusan Sarandon
85.1%
Dead Man Walking*Susan Sarandon
85.1%
Postcards from the EdgeMeryl Streep
81.8%
The Bridges of Madison CountyMeryl Streep
81.8%
One True ThingMeryl Streep
81.8%
Music of the HeartMeryl Streep
81.8%
Misery*Kathy Bates
81.2%
Shakespeare in Love*Gwyneth Paltrow
79.1%
As Good as It Gets*Helen Hunt
78.5%
Boys Don't Cry*Hilary Swank
77.6%
Thelma & LouiseGeena Davis
74.4%
ElizabethCate Blanchett
66%
CasinoSharon Stone
61.8%
Howards End*Emma Thompson
60.1%
Remains of the DayEmma Thompson
60.1%
Sense and SensibilityEmma Thompson
60.1%
Fargo*Frances McDormand
57.8%
The Piano*Holly Hunter
56.9%
Little WomenWinona Ryder
52.9%
Movie Name % Correct
American BeautyAnnette Bening
52.3%
Leaving Las VegasElisabeth Shue
50%
Mrs. BrownJudi Dench
46.1%
What's Love Got to Do with ItAngela Bassett
43%
For the BoysBette Midler
37.7%
The English PatientKristin Scott Thomas
34.3%
Blue Sky*Jessica Lange
32.6%
The GriftersAnjelica Huston
29.7%
Marvin's RoomDiane Keaton
29.2%
End of the AffairJulianne Moore
27%
Breaking the WavesEmily Watson
23%
Hilary and JackieEmily Watson
23%
The Wings of the DoveHelena Bonham Carter
22.3%
Six Degrees of SeparationStockard Channing
22.3%
Rambling RoseLaura Dern
21.9%
Love FieldMichelle Pfeiffer
20.3%
Mr. and Mrs. BridgeJoanne Woodward
17.4%
ShadowlandsDebra Winger
16.6%
Secrets & LiesBrenda Blethyn
14.9%
IndochineCatherine Deneuve
13.5%
AfterglowJulie Christie
12.5%
Tom & VivMiranda Richardson
11.8%
Passion FishMary McDonnell
9.8%
TumbleweedsJanet McTeer
9.5%
Central StationFernanda Montenegro
6.8%

From the Vault

Country by Area Range

by Onno

Geography 13m
It's a fist full of geography trivia!
Remove Ads.
Support Sporcle.
Get the best of Sporcle when you Go Orange. This ad-free experience offers more features, more stats, and more fun while also helping to support Sporcle. Thank you for becoming a member.

Show Comments

Extras

Top Quizzes Today


Score Distribution

Your Account Isn't Verified!

In order to create a playlist on Sporcle, you need to verify the email address you used during registration. Go to your Sporcle Settings to finish the process.

Report this User

Report this user for behavior that violates our Community Guidelines.

Details: